Hong Kong population projections 2000-2029
Saved in:
| Format: | Book |
|---|---|
| Language: | English Chinese |
| Published: |
Hong Kong
Census and Statistics Department
[2000]
|
| Subjects: | |
| Tags: |
No Tags, Be the first to tag this record!
|
MARC
| LEADER | 00000nam a2200000 4500 | ||
|---|---|---|---|
| 001 | c123898 | ||
| 005 | 20260122095137.6 | ||
| 041 | 0 | |a eng | |
| 041 | 0 | |a chi | |
| 044 | |a CN | ||
| 245 | 1 | 0 | |a Hong Kong population projections 2000-2029 |
| 264 | 1 | |a Hong Kong |b Census and Statistics Department |c [2000] | |
| 300 | |a 71 s. | ||
| 610 | 2 | 0 | |a Hongkong |
| 610 | 2 | 0 | |a vývoj populačný |
| 610 | 2 | 0 | |a ukazovatele demografické |